00419nam a2200157Ia 4500008004100000040001900041041001200060082002200072100002300094245003100117260003500148300001900183650002000202651002300222850001600245131103s9999 xx 000 0 und d aLoreto College aEnglish aF/MUKbLCBED/8539 aMukherjee, Bharati aJasminecBharati Mukherjee aNew delhibPenguin booksc1990 a241p. c 22cm. aEnglish fiction aEnglish literature aLCBED/F/MUK